Towara liberty : Essays in honor of Ludwig von Mises on the occasion of his 90th birthday, September 29, 1971

Salvato in:
Dettagli Bibliografici
Natura: Libro
Lingua:Undetermined
Pubblicazione: California Institute for Huamne Studies, Inc. 1971
Soggetti:
Tags: Aggiungi Tag
Nessun Tag, puoi essere il primo ad aggiungerne! !
Thư viện lưu trữ: Trung tâm Học liệu Trường Đại học Cần Thơ
LEADER 00498nam a2200157Ia 4500
001 CTU_79542
008 210402s9999 xx 000 0 und d
082 |a 300 
082 |b T737 
245 0 |a Towara liberty : 
245 0 |b Essays in honor of Ludwig von Mises on the occasion of his 90th birthday, September 29, 1971 
260 |a California 
260 |b Institute for Huamne Studies, Inc. 
260 |c 1971 
650 |a Social sciences 
980 |a Trung tâm Học liệu Trường Đại học Cần Thơ